Video Game Click Quiz - Statistics

General Stats
  • This quiz has been taken 107 times
  • The average score is 9 of 10
Answer Stats
Hint Answer % Correct
Dancing to multiple songs Just Dance
95%
Battle Royal with a large variety of skins Fortnite
92%
When you use Mario characters to race cars in different settings Mariokart
92%
You fight each other in a street Street fighter
92%
When you use characters from the Nintendo universe to battle Super Smash Bros
90%
A natural game with everything as a block Minecraft
88%
Walk around your town and catch multiple different versions of this (cell phone game) Pokemon Go
88%
Try to hit a ball with flying cars Rocket League
87%
Very popular game (similar to Minecraft) Roblox
82%
Very popular game in 2018-2020. (like murder mystery) Among Us
79%
No matching quizzes found
Score Distribution
Percent of People with Each Score
Percentile by Number Answered
Your Score History
You have not taken this quiz